| 000 | 00473nam a2200217Ia 4500 | ||
|---|---|---|---|
| 001 | 109662 | ||
| 003 | YMCAF | ||
| 005 | 20230512162359.0 | ||
| 008 | 100717s2003 ||||||||||||||||| ||und|d | ||
| 024 | _a109662 | ||
| 035 | _aWB649 | ||
| 040 |
_aYMCAF _beng _cIN-KoLT |
||
| 041 | _aeng | ||
| 082 |
_a004.67 _bHAL |
||
| 100 | _aHallberg, Bruce A | ||
| 245 | 0 | _aNetworking: a beginners guide | |
| 250 | _a3rd | ||
| 260 |
_bTMH _c2003 |
||
| 300 | _a503 | ||
| 942 |
_2ddc _cBK |
||
| 999 |
_c11582 _d11582 |
||